[Event "Liga Madrileña - DH 2017-2018"]
[Site "Madrid ESP"]
[Date "2018.03.04"]
[Round "12.42"]
[White "Candela Perez, Jose"]
[Black "Moreno Ibañez, Miguel"]
[Result "1-0"]
[WhiteElo "2354"]
[BlackElo "2270"]
[PlyCount "85"]
[EventDate "2017.11.19"]
[EventType "team-tourn"]
[EventRounds "14"]
[EventCountry "ESP"]
[SourceTitle "Ajedrez en Madrid"]
[Source "lmi"]
[SourceDate "2017.11.19"]
[WhiteTeam "La Casa del Ajedrez"]
[BlackTeam "Liberty Chess"]
[WhiteTeamCountry "ESP"]
[BlackTeamCountry "ESP"]

1. d4 Nf6 2. Nf3 e6 3. c4 Bb4+ 4. Nbd2 b6 5. e3 Bb7 6. Bd3 c5 7. O-O cxd4 8.
exd4 O-O 9. b3 d5 10. Bb2 Nc6 11. a3 Bxd2 12. Qxd2 Na5 13. Qd1 dxc4 14. bxc4
Rc8 15. Rc1 Qd6 16. Re1 Qf4 17. Ne5 Nc6 18. g3 Qh6 19. f4 Rcd8 20. Nf3 Ne7 21.
Qe2 Qh3 22. d5 exd5 23. Bxf6 dxc4 24. Bxh7+ Qxh7 25. Bxe7 Rfe8 26. Qf2 Rd3 27.
Ne5 Rd5 28. Nxc4 Qd3 29. Ne5 Rxe5 30. Rxe5 f6 31. Bxf6 Rxe5 32. Bxe5 Qe4 33.
Qa2+ Bd5 34. Qc2 Qh1+ 35. Kf2 Qf3+ 36. Ke1 Qe3+ 37. Kf1 Be6 38. Kg2 Bd5+ 39.
Kh3 Be6+ 40. f5 Bd5 41. Bf4 Qf3 42. Qd1 Qe4 43. Rc8+ 1-0

[Event "Liga Madrileña - DH 2017-2018"]
[Site "Madrid ESP"]
[Date "2018.03.04"]
[Round "12.43"]
[White "Martin Rueda, Daniel"]
[Black "Buchicchio, Giampaolo"]
[Result "1/2-1/2"]
[WhiteElo "2268"]
[BlackElo "2227"]
[PlyCount "36"]
[EventDate "2017.11.19"]
[EventType "team-tourn"]
[EventRounds "14"]
[EventCountry "ESP"]
[SourceTitle "Ajedrez en Madrid"]
[Source "lmi"]
[SourceDate "2017.11.19"]
[WhiteTeam "Liberty Chess"]
[BlackTeam "La Casa del Ajedrez"]
[WhiteTeamCountry "ESP"]
[BlackTeamCountry "ESP"]

1. Nf3 d5 2. c4 c6 3. e3 Nf6 4. Nc3 a6 5. b3 Bg4 6. h3 Bh5 7. Be2 Nbd7 8. d4 b5
9. O-O e6 10. a4 b4 11. Nb1 a5 12. Nbd2 Bd6 13. Bb2 Qb8 14. Rc1 O-O 15. Qc2 Re8
16. Rfe1 Bf8 17. Bd3 dxc4 18. Qxc4 Rc8 1/2-1/2

[Event "Liga Madrileña - DH 2017-2018"]
[Site "Madrid ESP"]
[Date "2018.03.04"]
[Round "12.44"]
[White "Fernandez de Bobadilla, Gabriel"]
[Black "Sanchez Gonzalez, Sergio"]
[Result "0-1"]
[WhiteElo "2186"]
[BlackElo "2276"]
[PlyCount "112"]
[EventDate "2017.11.19"]
[EventType "team-tourn"]
[EventRounds "14"]
[EventCountry "ESP"]
[SourceTitle "Ajedrez en Madrid"]
[Source "lmi"]
[SourceDate "2017.11.19"]
[WhiteTeam "La Casa del Ajedrez"]
[BlackTeam "Liberty Chess"]
[WhiteTeamCountry "ESP"]
[BlackTeamCountry "ESP"]

1. d4 Nf6 2. c4 e6 3. Nc3 Bb4 4. e3 O-O 5. Nge2 d5 6. a3 Bd6 7. Ng3 Re8 8. Be2
Nc6 9. f4 b6 10. b4 a5 11. b5 Ne7 12. O-O Nf5 13. Bf3 Nh4 14. cxd5 Nxf3+ 15.
Qxf3 exd5 16. Nxd5 Nxd5 17. Qxd5 Be6 18. Qc6 Be7 19. Bb2 Bd5 20. Qc3 Bf6 21.
Rac1 Qd7 22. Qd3 Qe7 23. Rfe1 Bh4 24. Nf5 Qd8 25. Nxh4 Qxh4 26. e4 f5 27. Qg3
Qxg3 28. hxg3 fxe4 29. Rxc7 Rad8 30. Kf2 Rd6 31. Re3 g5 32. Rec3 gxf4 33. gxf4
Rg6 34. g3 e3+ 35. Rxe3 Rxe3 36. Kxe3 Rxg3+ 37. Kd2 Rb3 38. Kc2 Rxb5 39. Rd7 h5
40. a4 Bb3+ 41. Kc1 Bxa4 42. Rd8+ Kf7 43. d5 Ke7 44. Rh8 Rxd5 45. Be5 Be8 46.
Rh7+ Bf7 47. Rh6 b5 48. Ra6 a4 49. Ra7+ Rd7 50. Bf6+ Ke6 51. Rxd7 Kxd7 52. Bc3
Ke6 53. Kb2 Kf5 54. Bd2 h4 55. Be1 h3 56. Bg3 b4 0-1

[Event "Liga Madrileña - DH 2017-2018"]
[Site "Madrid ESP"]
[Date "2018.03.04"]
[Round "12.45"]
[White "Perez Gonzalez, Jose Manuel"]
[Black "Gil Quilez, David"]
[Result "1/2-1/2"]
[WhiteElo "2277"]
[BlackElo "2208"]
[PlyCount "113"]
[EventDate "2017.11.19"]
[EventType "team-tourn"]
[EventRounds "14"]
[EventCountry "ESP"]
[SourceTitle "Ajedrez en Madrid"]
[Source "lmi"]
[SourceDate "2017.11.19"]
[WhiteTeam "Liberty Chess"]
[BlackTeam "La Casa del Ajedrez"]
[WhiteTeamCountry "ESP"]
[BlackTeamCountry "ESP"]

1. e4 e5 2. Nf3 Nc6 3. Bc4 Nf6 4. d4 exd4 5. e5 d5 6. Bb5 Ne4 7. Nxd4 Bd7 8.
Bxc6 bxc6 9. O-O Bc5 10. f3 Ng5 11. f4 Ne4 12. Be3 O-O 13. Nd2 Nxd2 14. Qxd2 f6
15. Nb3 Bb6 16. Bc5 fxe5 17. fxe5 Qe7 18. Qc3 Rae8 19. Kh1 Bxc5 20. Nxc5 Bf5
21. Rae1 Qg5 22. e6 Rf6 23. Rf2 Rg6 24. Qe5 Be4 25. Qxg5 Rxg5 26. Nxe4 Re5 27.
Rfe2 dxe4 28. Rxe4 Rxe4 29. Rxe4 Kf8 30. Kg1 Ke7 31. Kf2 Rb8 32. b3 Rb5 33. a4
Rc5 34. Re2 Rf5+ 35. Ke1 Rd5 36. Re4 Rg5 37. g3 Rh5 38. h4 Rc5 39. Kd2 g5 40.
b4 Rd5+ 41. Kc3 Rf5 42. hxg5 Rxg5 43. g4 h5 44. gxh5 Rxh5 45. Kc4 Rg5 46. c3
Rh5 47. b5 cxb5+ 48. axb5 a6 49. bxa6 Ra5 50. Kb4 Rxa6 51. Kc5 Rxe6 52. Rh4 Kd7
53. Rh7+ Kc8 54. c4 Kb7 55. Kb5 Rb6+ 56. Kc5 Rc6+ 57. Kb5 1/2-1/2

[Event "Liga Madrileña - DH 2017-2018"]
[Site "Madrid ESP"]
[Date "2018.03.04"]
[Round "12.46"]
[White "Yingrui, Lin"]
[Black "Hinojar Diez, David"]
[Result "1-0"]
[WhiteElo "2148"]
[BlackElo "2099"]
[PlyCount "157"]
[EventDate "2017.11.19"]
[EventType "team-tourn"]
[EventRounds "14"]
[EventCountry "ESP"]
[SourceTitle "Ajedrez en Madrid"]
[Source "lmi"]
[SourceDate "2017.11.19"]
[WhiteTeam "La Casa del Ajedrez"]
[BlackTeam "Liberty Chess"]
[WhiteTeamCountry "ESP"]
[BlackTeamCountry "ESP"]

1. d4 d5 2. Nf3 Nf6 3. Bf4 c6 4. e3 Qb6 5. Qc1 Bf5 6. Nbd2 h6 7. h3 e6 8. Be2
c5 9. O-O Nc6 10. c3 Be7 11. Ne5 Nxe5 12. Bxe5 O-O 13. f3 Nd7 14. Bg3 cxd4 15.
exd4 Bd6 16. Bxd6 Qxd6 17. f4 Nf6 18. Nb3 Ne4 19. Qe3 a5 20. Bd3 b6 21. Bxe4
Bxe4 22. Nd2 Bg6 23. Qe2 a4 24. Rae1 a3 25. b3 Rfc8 26. Qe3 b5 27. b4 Bc2 28.
Rc1 Bg6 29. Nb3 f6 30. Nc5 Re8 31. Rce1 Re7 32. f5 Bf7 33. fxe6 Bxe6 34. Rf2
Rae8 35. Qf3 Bf7 36. Rfe2 Rxe2 37. Rxe2 Rxe2 38. Qxe2 Qg3 39. Qd2 Bg6 40. Kf1
Qh2 41. Kf2 Bf5 42. Qe3 Bb1 43. Qe8+ Kh7 44. Ne6 Bf5 45. Nf8+ Kg8 46. Nd7+ Kh7
47. Nxf6+ gxf6 48. Qf7+ Kh8 49. Qxf6+ Kg8 50. Qxf5 Qd6 51. g3 Qc6 52. Qd3 Kg7
53. g4 Qf6+ 54. Ke2 Qd6 55. Kd2 Qh2+ 56. Qe2 Qxh3 57. Qe5+ Kg6 58. Qf5+ Kg7 59.
Qd7+ Kg6 60. Qc6+ Kg7 61. Qxb5 Qxg4 62. Qxd5 h5 63. b5 Qf4+ 64. Ke2 Qh2+ 65.
Kd3 Qb2 66. Qe5+ Kg6 67. Qe6+ Kg5 68. b6 Qb1+ 69. Ke2 Qb2+ 70. Kf3 h4 71. Qd5+
Kg6 72. Qc6+ Kg5 73. b7 h3 74. Qc5+ Kh4 75. Qe7+ Kh5 76. Qe5+ Kh4 77. b8=Q
Qxc3+ 78. Qe3 Qc6+ 79. Qe4+ 1-0

[Event "Liga Madrileña - DH 2017-2018"]
[Site "Madrid ESP"]
[Date "2018.03.11"]
[Round "13.11"]
[White "Valles Moreno, Ivan"]
[Black "Pulvett Marin, Daniel"]
[Result "0-1"]
[WhiteElo "2429"]
[BlackElo "2459"]
[PlyCount "58"]
[EventDate "2017.11.19"]
[EventType "team-tourn"]
[EventRounds "14"]
[EventCountry "ESP"]
[SourceTitle "Ajedrez en Madrid"]
[Source "lmi"]
[SourceDate "2017.11.19"]
[WhiteTeam "Liberty Chess"]
[BlackTeam "Alcorcon"]
[WhiteTeamCountry "ESP"]
[BlackTeamCountry "ESP"]

1. e4 c5 2. Nf3 d6 3. d4 cxd4 4. Nxd4 Nf6 5. Nc3 a6 6. Be2 e5 7. Nb3 Be7 8. Qd3
Be6 9. Nd5 Nbd7 10. Bd2 O-O 11. c4 b6 12. O-O a5 13. a4 Rc8 14. Bc3 Ne8 15.
Rae1 Bg5 16. Kh1 f5 17. Qh3 Nc7 18. Nxc7 Qxc7 19. f4 Bxf4 20. Rxf4 exf4 21. Nd4
Rce8 22. Bh5 Bf7 23. Nxf5 Bxh5 24. Qxh5 Ne5 25. Rd1 Re6 26. h3 h6 27. Rd5 Qxc4
28. Rxd6 f3 29. Bxe5 Qf1+ 0-1

[Event "Liga Madrileña - DH 2017-2018"]
[Site "Madrid ESP"]
[Date "2018.03.11"]
[Round "13.12"]
[White "Vallejo Diaz, Jesus"]
[Black "Fernandez Garcia, Miguel Angel"]
[Result "1-0"]
[WhiteElo "2232"]
[BlackElo "2291"]
[PlyCount "105"]
[EventDate "2017.11.19"]
[EventType "team-tourn"]
[EventRounds "14"]
[EventCountry "ESP"]
[SourceTitle "Ajedrez en Madrid"]
[Source "lmi"]
[SourceDate "2017.11.19"]
[WhiteTeam "Alcorcon"]
[BlackTeam "Liberty Chess"]
[WhiteTeamCountry "ESP"]
[BlackTeamCountry "ESP"]

1. e4 c5 2. Nc3 Nc6 3. f4 g6 4. Nf3 Bg7 5. g3 d6 6. Bg2 Nf6 7. O-O O-O 8. d3
Rb8 9. a4 a6 10. h3 b5 11. axb5 axb5 12. g4 b4 13. Ne2 Bb7 14. Ng3 Nd7 15. g5
Ra8 16. Rb1 Ra2 17. h4 Nd4 18. h5 Nxf3+ 19. Qxf3 b3 20. c3 e6 21. Qg4 Re8 22.
hxg6 hxg6 23. Nh1 Qa8 24. Nf2 Qa6 25. Qd1 Qa4 26. Ng4 Ra8 27. Bd2 Qb5 28. Qf3
Qb6 29. Qh3 Qd8 30. Nh6+ Bxh6 31. Qxh6 Qf8 32. Qh3 Qg7 33. Be3 R2a4 34. Qg3 Re8
35. Rbd1 Ra6 36. Rf2 d5 37. Rdf1 d4 38. cxd4 cxd4 39. Bd2 Rc8 40. Bb4 Rb6 41.
Ba3 Ra6 42. Be7 Re8 43. Bb4 Rb6 44. Ba3 Rc8 45. Bf3 Ba6 46. Bd1 Rc1 47. Be7 f5
48. gxf6 Nxf6 49. Bxf6 Qxf6 50. f5 Kg7 51. e5 Qf7 52. fxe6 Qxe6 53. Rf6 1-0

[Event "Liga Madrileña - DH 2017-2018"]
[Site "Madrid ESP"]
[Date "2018.03.11"]
[Round "13.14"]
[White "Ramos del Campo, Alexander"]
[Black "Sanchez Gonzalez, Sergio"]
[Result "1-0"]
[WhiteElo "2154"]
[BlackElo "2276"]
[PlyCount "93"]
[EventDate "2017.11.19"]
[EventType "team-tourn"]
[EventRounds "14"]
[EventCountry "ESP"]
[SourceTitle "Ajedrez en Madrid"]
[Source "lmi"]
[SourceDate "2017.11.19"]
[WhiteTeam "Alcorcon"]
[BlackTeam "Liberty Chess"]
[WhiteTeamCountry "ESP"]
[BlackTeamCountry "ESP"]

1. e4 c5 2. Nf3 e6 3. b3 Nc6 4. Bb2 d6 5. d4 cxd4 6. Nxd4 Nf6 7. Nxc6 bxc6 8.
e5 Ne4 9. Bd3 Qa5+ 10. Kf1 d5 11. Bxe4 dxe4 12. Qe1 Ba6+ 13. c4 Qd5 14. Kg1 Bb4
15. cxd5 Bxe1 16. d6 f5 17. Bc3 Bxc3 18. Nxc3 Bb5 19. Nxb5 cxb5 20. Rc1 O-O 21.
Kf1 f4 22. Ke2 Rad8 23. Rhd1 Rf5 24. Rc5 a6 25. Rd4 f3+ 26. gxf3 Rxf3 27. Rxe4
Rdf8 28. Kd2 Rxf2+ 29. Re2 R2f4 30. Rc7 Rd8 31. Ke3 Rf5 32. Kd4 Rf1 33. Kc5 Rb8
34. Kb4 Rd1 35. Rec2 Rd5 36. R7c5 Rd4+ 37. Ka5 Kf7 38. Rc8 Rxc8 39. Rxc8 Rd5
40. Kxa6 g5 41. Kb6 Rd2 42. a4 bxa4 43. bxa4 g4 44. a5 h5 45. a6 Rb2+ 46. Ka5
Ra2+ 47. Kb4 1-0

[Event "Liga Madrileña - DH 2017-2018"]
[Site "Madrid ESP"]
[Date "2018.03.11"]
[Round "13.15"]
[White "Perez Gonzalez, Jose Manuel"]
[Black "Angelina Vela, Carlos"]
[Result "1-0"]
[WhiteElo "2277"]
[BlackElo "2105"]
[PlyCount "61"]
[EventDate "2017.11.19"]
[EventType "team-tourn"]
[EventRounds "14"]
[EventCountry "ESP"]
[SourceTitle "Ajedrez en Madrid"]
[Source "lmi"]
[SourceDate "2017.11.19"]
[WhiteTeam "Liberty Chess"]
[BlackTeam "Alcorcon"]
[WhiteTeamCountry "ESP"]
[BlackTeamCountry "ESP"]

1. e4 c6 2. d4 d5 3. e5 c5 4. Nf3 cxd4 5. Nxd4 Nc6 6. Nxc6 bxc6 7. Bd3 e6 8.
O-O Ne7 9. Bf4 Ng6 10. Bg3 Bc5 11. Nd2 O-O 12. Qh5 a5 13. Nf3 Be7 14. Rfd1 Ba6
15. c4 Qb6 16. b3 dxc4 17. bxc4 Rfd8 18. Qg4 Qb2 19. Rdb1 Qc3 20. Bxg6 hxg6 21.
Rc1 Qd3 22. Bh4 Bxh4 23. Qxh4 Rab8 24. h3 Rb4 25. Rd1 Qxd1+ 26. Rxd1 Rxd1+ 27.
Kh2 Rxc4 28. Qe7 Rb4 29. Qe8+ Kh7 30. Ng5+ Kh6 31. Nxf7+ 1-0

[Event "Liga Madrileña - DH 2017-2018"]
[Site "Madrid ESP"]
[Date "2018.03.11"]
[Round "13.16"]
[White "Prada Lopez, Miguel Angel"]
[Black "Hinojar Diez, David"]
[Result "1/2-1/2"]
[WhiteElo "2091"]
[BlackElo "2099"]
[PlyCount "105"]
[EventDate "2017.11.19"]
[EventType "team-tourn"]
[EventRounds "14"]
[EventCountry "ESP"]
[SourceTitle "Ajedrez en Madrid"]
[Source "lmi"]
[SourceDate "2017.11.19"]
[WhiteTeam "Alcorcon"]
[BlackTeam "Liberty Chess"]
[WhiteTeamCountry "ESP"]
[BlackTeamCountry "ESP"]

1. Nf3 Nf6 2. c4 c5 3. Nc3 d5 4. cxd5 Nxd5 5. g3 g6 6. Qb3 Nb4 7. Ne5 Be6 8.
Qa4+ Nd7 9. a3 Nc2+ 10. Qxc2 Nxe5 11. Bg2 Nc6 12. Qa4 Qb6 13. Nd5 Bxd5 14. Bxd5
Rc8 15. b4 Bg7 16. Rb1 O-O 17. O-O Nd4 18. e3 Nf5 19. Qb3 cxb4 20. Qxb4 Qxb4
21. Rxb4 b6 22. d4 e5 23. dxe5 Bxe5 24. Bb2 Bxb2 25. Rxb2 Rc3 26. a4 Rfc8 27.
Ra1 Kf8 28. Bf3 Nd6 29. Rd2 Rc1+ 30. Rxc1 Rxc1+ 31. Kg2 Ke7 32. Rd4 Rc4 33.
Rxc4 Nxc4 34. Bd5 Ne5 35. e4 f6 36. h3 Kd6 37. f4 Nd7 38. Kf3 Nc5 39. Bg8 h6
40. Bh7 g5 41. fxg5 hxg5 42. h4 gxh4 43. gxh4 Nxa4 44. h5 Ke6 45. Bg6 Ke7 46.
h6 Kf8 47. Kf4 Nc5 48. Kf5 Nxe4 49. Kxe4 Kg8 50. Kf5 a5 51. Kxf6 a4 52. Ke5 a3
53. Bb1 1/2-1/2

[Event "Liga Madrileña - DH 2017-2018"]
[Site "Madrid ESP"]
[Date "2018.03.11"]
[Round "13.21"]
[White "Suarez Uriel, Adrian"]
[Black "Almagro Llamas, Pablo"]
[Result "1-0"]
[WhiteElo "2412"]
[BlackElo "2454"]
[PlyCount "89"]
[EventDate "2017.11.19"]
[EventType "team-tourn"]
[EventRounds "14"]
[EventCountry "ESP"]
[SourceTitle "Ajedrez en Madrid"]
[Source "lmi"]
[SourceDate "2017.11.19"]
[WhiteTeam "La Casa del Ajedrez"]
[BlackTeam "Virgen de Atocha"]
[WhiteTeamCountry "ESP"]
[BlackTeamCountry "ESP"]

1. e4 c5 2. Nf3 d6 3. d4 cxd4 4. Nxd4 Nf6 5. Nc3 a6 6. h3 b5 7. g4 Bb7 8. Bg2
Nc6 9. g5 Nd7 10. Nf5 g6 11. Ne3 Bg7 12. a4 b4 13. Ncd5 a5 14. h4 Rc8 15. h5
Ba6 16. Bf1 Bxf1 17. Kxf1 Nb6 18. Qg4 Ne5 19. Qh3 Nxd5 20. Nxd5 gxh5 21. f4 e6
22. fxe5 exd5 23. exd5 Qd7 24. exd6 Qxh3+ 25. Rxh3 Rxc2 26. Bf4 Kd7 27. Re1 Bf8
28. Be5 Rg8 29. Rf3 Bxd6 30. Rxf7+ Ke8 31. Rxh7 Bxe5 32. Rxe5+ Kd8 33. d6 Rf8+
34. Ke1 Rc1+ 35. Kd2 Rc6 36. Rxa5 Rxd6+ 37. Kc2 Rc6+ 38. Kb3 Rc8 39. Rd5+ Ke8
40. Rdd7 Rf3+ 41. Kxb4 h4 42. g6 Rf4+ 43. Ka3 Rg4 44. Rde7+ Kd8 45. Reg7 1-0

[Event "Liga Madrileña - DH 2017-2018"]
[Site "Madrid ESP"]
[Date "2018.03.11"]
[Round "13.22"]
[White "Espinosa Aranda, Angel"]
[Black "Candela Perez, Jose"]
[Result "1/2-1/2"]
[WhiteElo "2472"]
[BlackElo "2354"]
[PlyCount "36"]
[EventDate "2017.11.19"]
[EventType "team-tourn"]
[EventRounds "14"]
[EventCountry "ESP"]
[SourceTitle "Ajedrez en Madrid"]
[Source "lmi"]
[SourceDate "2017.11.19"]
[WhiteTeam "Virgen de Atocha"]
[BlackTeam "La Casa del Ajedrez"]
[WhiteTeamCountry "ESP"]
[BlackTeamCountry "ESP"]

1. e4 c5 2. Nf3 e6 3. c4 Nc6 4. Nc3 e5 5. a3 d6 6. Rb1 g6 7. b4 Bg7 8. d3 Nge7
9. h4 h6 10. Be2 b6 11. h5 g5 12. Nd2 Be6 13. g4 O-O 14. Nf1 Nd4 15. Ne3 Qd7
16. Bd2 Rfb8 17. Nf5 a6 18. O-O b5 1/2-1/2

[Event "Liga Madrileña - DH 2017-2018"]
[Site "Madrid ESP"]
[Date "2018.03.11"]
[Round "13.23"]
[White "Buchicchio, Giampaolo"]
[Black "Rubio Mejia, Luis Ignacio"]
[Result "1/2-1/2"]
[WhiteElo "2227"]
[BlackElo "2447"]
[PlyCount "39"]
[EventDate "2017.11.19"]
[EventType "team-tourn"]
[EventRounds "14"]
[EventCountry "ESP"]
[SourceTitle "Ajedrez en Madrid"]
[Source "lmi"]
[SourceDate "2017.11.19"]
[WhiteTeam "La Casa del Ajedrez"]
[BlackTeam "Virgen de Atocha"]
[WhiteTeamCountry "ESP"]
[BlackTeamCountry "ESP"]

1. e4 c5 2. c3 Nf6 3. e5 Nd5 4. d4 cxd4 5. cxd4 d6 6. Nf3 Nc6 7. Bc4 dxe5 8.
Bxd5 Qxd5 9. Nc3 Qd6 10. d5 Nd4 11. Nxd4 exd4 12. Qxd4 e5 13. Qd3 Bd7 14. O-O
f5 15. Re1 Kf7 16. Qe3 g6 17. Qxe5 Qxe5 18. Rxe5 Bg7 19. Re1 Rac8 20. Be3
1/2-1/2

[Event "Liga Madrileña - DH 2017-2018"]
[Site "Madrid ESP"]
[Date "2018.03.11"]
[Round "13.24"]
[White "Martinez Martin, David"]
[Black "Fernandez de Bobadilla, Gabriel"]
[Result "1/2-1/2"]
[WhiteElo "2406"]
[BlackElo "2186"]
[PlyCount "212"]
[EventDate "2017.11.19"]
[EventType "team-tourn"]
[EventRounds "14"]
[EventCountry "ESP"]
[SourceTitle "Ajedrez en Madrid"]
[Source "lmi"]
[SourceDate "2017.11.19"]
[WhiteTeam "Virgen de Atocha"]
[BlackTeam "La Casa del Ajedrez"]
[WhiteTeamCountry "ESP"]
[BlackTeamCountry "ESP"]

1. e4 c5 2. Nf3 Nc6 3. d4 cxd4 4. Nxd4 Nf6 5. Nc3 d6 6. Bg5 e6 7. Qd2 Qb6 8.
Nb3 Be7 9. Bf4 Ne5 10. Be3 Qc7 11. f4 Ned7 12. Be2 a6 13. g4 b5 14. a3 Bb7 15.
Bf3 Nb6 16. Na5 Nc4 17. Nxc4 Qxc4 18. Qd3 Rc8 19. g5 Nd7 20. O-O-O O-O 21. Kb1
Rc7 22. Ne2 Rfc8 23. Rd2 Bf8 24. Rc1 g6 25. h4 e5 26. Qxc4 Rxc4 27. Ng3 Nc5 28.
Bxc5 R8xc5 29. Be2 Ra4 30. fxe5 Rxe5 31. Bd3 h6 32. Rf2 hxg5 33. hxg5 Rxg5 34.
Rcf1 f5 35. exf5 Rxg3 36. fxg6 Bg7 37. Re1 Be5 38. Rf7 Bd5 39. Ra7 Rag4 40. Kc1
Rg1 41. Rxg1 Rxg1+ 42. Kd2 Bf3 43. Rxa6 Bf4+ 44. Kc3 Be5+ 45. Kb4 Rg4+ 46. Kxb5
Be4 47. Bxe4 Rxe4 48. c4 Bxb2 49. Rxd6 Bxa3 50. c5 Rb4+ 51. Kc6 Rc4 52. Rd3
Bxc5 53. Kd5 Rc2 54. Rg3 Kg7 55. Rg4 Be7 56. Ke6 Bf6 57. Rg1 Rc5 58. Rg2 Re5+
59. Kd6 Ra5 60. Kc6 Bg5 61. Rg1 Kxg6 62. Rg2 Ra3 63. Re2 Ra7 64. Rg2 Re7 65.
Kd6 Re1 66. Rf2 Bf6 67. Rg2+ Kf7 68. Kd5 Rd1+ 69. Ke4 Ke6 70. Ra2 Rd4+ 71. Ke3
Be5 72. Ra6+ Kf5 73. Ra8 Rh4 74. Rf8+ Bf6 75. Kd3 Rd4+ 76. Ke3 Rc4 77. Kd3 Rc3+
78. Kd2 Rb3 79. Ke2 Ke5 80. Re8+ Kd4 81. Kf2 Ra3 82. Ke2 Be5 83. Rd8+ Ke4 84.
Rd2 Bd4 85. Kd1 Rc3 86. Rc2 Rh3 87. Ke2 Rh2+ 88. Kd1 Rh1+ 89. Ke2 Ra1 90. Kd2
Rg1 91. Ke2 Rh1 92. Kd2 Be3+ 93. Kc3 Rh7 94. Kc4 Rd7 95. Kb3 Bd2 96. Rc5 Kd3
97. Rb5 Bc3 98. Ka4 Ra7+ 99. Kb3 Ra1 100. Rd5+ Bd4 101. Rb5 Ra6 102. Kb4 Ra2
103. Kb3 Ra1 104. Kb4 Rc1 105. Kb3 Bc5 106. Kb2 Rc3 1/2-1/2

[Event "Liga Madrileña - DH 2017-2018"]
[Site "Madrid ESP"]
[Date "2018.03.11"]
[Round "13.25"]
[White "Collado Barbas, Laura"]
[Black "Plazuelo Pascual, Juan"]
[Result "0-1"]
[WhiteElo "2099"]
[BlackElo "2330"]
[PlyCount "52"]
[EventDate "2017.11.19"]
[EventType "team-tourn"]
[EventRounds "14"]
[EventCountry "ESP"]
[SourceTitle "Ajedrez en Madrid"]
[Source "lmi"]
[SourceDate "2017.11.19"]
[WhiteTeam "La Casa del Ajedrez"]
[BlackTeam "Virgen de Atocha"]
[WhiteTeamCountry "ESP"]
[BlackTeamCountry "ESP"]

1. d4 Nf6 2. c4 b6 3. Nc3 Bb7 4. Nf3 e6 5. a3 d5 6. e3 Nbd7 7. b4 c5 8. cxd5
Nxd5 9. Bd2 Be7 10. Bd3 O-O 11. O-O N7f6 12. bxc5 bxc5 13. Qe2 cxd4 14. Nxd4
Nf4 15. exf4 Qxd4 16. Rfd1 Rfd8 17. Bc2 Rac8 18. Rab1 Ba8 19. Rb3 Qc4 20. Qxc4
Rxc4 21. Bb1 Rcd4 22. Rb2 Bxa3 23. Ra2 Bb4 24. Rc2 Be4 25. Nxe4 Nxe4 26. Rb2
Nxd2 0-1

[Event "Liga Madrileña - DH 2017-2018"]
[Site "Madrid ESP"]
[Date "2018.03.11"]
[Round "13.26"]
[White "Vazquez Torres, Adrian"]
[Black "Yingrui, Lin"]
[Result "1/2-1/2"]
[WhiteElo "2176"]
[BlackElo "2148"]
[PlyCount "53"]
[EventDate "2017.11.19"]
[EventType "team-tourn"]
[EventRounds "14"]
[EventCountry "ESP"]
[SourceTitle "Ajedrez en Madrid"]
[Source "lmi"]
[SourceDate "2017.11.19"]
[WhiteTeam "Virgen de Atocha"]
[BlackTeam "La Casa del Ajedrez"]
[WhiteTeamCountry "ESP"]
[BlackTeamCountry "ESP"]

1. e4 e5 2. Nf3 Nc6 3. d4 exd4 4. Nxd4 Bc5 5. Nxc6 bxc6 6. Qf3 Qf6 7. Nc3 Bd4
8. Bc4 Ne7 9. Qxf6 Bxf6 10. Be3 O-O 11. O-O-O d6 12. Ne2 c5 13. f4 Bb7 14. Ng3
Rfe8 15. e5 dxe5 16. fxe5 Bxe5 17. Rhf1 Rf8 18. Bxc5 Bd6 19. Bd4 Bxg2 20. Rf2
Bh3 21. Rg1 Ng6 22. Nh5 Rad8 23. c3 Be5 24. Bc5 Bd6 25. Bd4 Be5 26. Bc5 Bd6 27.
Bd4 1/2-1/2

[Event "Liga Madrileña - DH 2017-2018"]
[Site "Madrid ESP"]
[Date "2018.03.10"]
[Round "13.31"]
[White "Moreno Trujillo, Alejandro"]
[Black "Bolado Saez, Sergio"]
[Result "1-0"]
[WhiteElo "2494"]
[BlackElo "2367"]
[PlyCount "129"]
[EventDate "2017.11.19"]
[EventType "team-tourn"]
[EventRounds "14"]
[EventCountry "ESP"]
[SourceTitle "Ajedrez en Madrid"]
[Source "lmi"]
[SourceDate "2017.11.19"]
[WhiteTeam "64 Villalba"]
[BlackTeam "Blanco y Negro"]
[WhiteTeamCountry "ESP"]
[BlackTeamCountry "ESP"]

1. d4 Nf6 2. Nf3 e6 3. g3 b6 4. Bg2 Bb7 5. O-O g6 6. b3 Bg7 7. Bb2 O-O 8. c4 d6
9. Qc2 Nbd7 10. Nc3 Qe7 11. e4 Nh5 12. Rfe1 c5 13. Rad1 a6 14. dxc5 dxc5 15. e5
Rad8 16. Ne4 Nb8 17. Rxd8 Rxd8 18. Bc1 h6 19. g4 f5 20. exf6 Nxf6 21. Ng3 Bxf3
22. Bxf3 Qf7 23. Qe2 Re8 24. h4 Nfd7 25. Be4 Ne5 26. f4 Nec6 27. h5 gxh5 28.
Nxh5 Nd4 29. Qg2 Kh8 30. Re3 Rg8 31. Rh3 Bf8 32. g5 Nd7 33. Kh1 Nf5 34. Bb2+
Nd4 35. Bd3 e5 36. Qe4 Qe7 37. Ng7 Rxg7 38. Rxh6+ Kg8 39. Qd5+ Rf7 40. Rg6+ Kh8
41. f5 Rg7 42. f6 Rh7+ 43. Kg1 Qe6 44. Qxe6 Nxe6 45. f7 Ng7 46. Bf5 Rh5 47.
Bxd7 Kh7 48. Rh6+ Rxh6 49. gxh6 Kxh6 50. Bxe5 Kg6 51. Be8 Ne6 52. Kf2 Kf5 53.
Bb8 Ke4 54. Ba7 Kd3 55. Bxb6 Kc3 56. Ke3 Kb2 57. Ke4 Kxa2 58. Kd5 Nf4+ 59. Kc6
Nd3 60. Bc7 Kxb3 61. Bd6 Bh6 62. Kd5 Nb4+ 63. Ke6 Kxc4 64. Kf5 Kd5 65. Kg6 1-0

[Event "Liga Madrileña - DH 2017-2018"]
[Site "Madrid ESP"]
[Date "2018.03.10"]
[Round "13.32"]
[White "Taboas Rodriguez, Daniel"]
[Black "Garrido Dominguez, Jesus"]
[Result "0-1"]
[WhiteElo "2364"]
[BlackElo "2399"]
[PlyCount "68"]
[EventDate "2017.11.19"]
[EventType "team-tourn"]
[EventRounds "14"]
[EventCountry "ESP"]
[SourceTitle "Ajedrez en Madrid"]
[Source "lmi"]
[SourceDate "2017.11.19"]
[WhiteTeam "Blanco y Negro"]
[BlackTeam "64 Villalba"]
[WhiteTeamCountry "ESP"]
[BlackTeamCountry "ESP"]

1. d4 e6 2. c4 Nf6 3. Nf3 Bb4+ 4. Nbd2 b6 5. a3 Bxd2+ 6. Bxd2 Bb7 7. Bg5 h6 8.
Bh4 d6 9. e3 Nbd7 10. Be2 g5 11. Bg3 Ne4 12. O-O Ndf6 13. Ne1 h5 14. f3 Nxg3
15. hxg3 g4 16. fxg4 hxg4 17. Bxg4 Ne4 18. Qf3 Qe7 19. Nd3 f5 20. Bh5+ Kd7 21.
d5 Rag8 22. g4 Kc8 23. Nf4 Ng5 24. Qe2 Qh7 25. gxf5 exd5 26. cxd5 Kb8 27. e4
Qg7 28. Rae1 Qe5 29. b4 Qxf4 30. Rxf4 Nh3+ 31. Kf1 Nxf4 32. Qb2 Rxh5 33. Qc1
Ba6+ 34. Kf2 Nd3+ 0-1